[Event "Vaujany 2022 Principal"]
[Site "Vaujany"]
[Date "2022.07.15"]
[Round "2.7"]
[White "Das, Sayantan"]
[Black "Eveno, Nathan"]
[Result "1-0"]
[WhiteElo "2449"]
[BlackElo "2209"]
[PlyCount "81"]
[EventDate "2022.07.14"]
[EventType "swiss"]
[EventRounds "9"]
[EventCountry "FRA"]
[SourceVersionDate "2022.07.14"]

1. e4 c5 2. Nf3 d6 3. Bb5+ Nd7 4. a4 a6 5. Be2 Ngf6 6. Nc3 e5 7. Bc4 Be7 8. d3
Nf8 9. a5 Ne6 10. h3 h6 11. Bd2 Bd7 12. Na4 Bc6 13. Nb6 Rb8 14. c3 O-O 15. O-O
Nc7 16. Bb3 Nd7 17. Nc4 Kh7 18. Bc2 Ne6 19. Re1 Rc8 20. Bb3 Rg8 21. Be3 Qf8 22.
Ncd2 g6 23. d4 cxd4 24. cxd4 Ng5 25. Nxg5+ Bxg5 26. Bxg5 hxg5 27. Nf3 Qe7 28.
Qd2 Rgf8 29. Nxg5+ Kg7 30. Rac1 b5 31. Rc3 Bb7 32. Rec1 Rxc3 33. Rxc3 Nf6 34.
dxe5 dxe5 35. Qc2 Ne8 36. h4 Qb4 37. Qd2 Bxe4 38. Nxf7 Bf5 39. Qh6+ Kf6 40. Ng5
Rg8 41. Bxg8 1-0

[Event "Vaujany 2022 Principal"]
[Site "Vaujany"]
[Date "2022.07.15"]
[Round "2.8"]
[White "Rivalin, Kenny"]
[Black "Can, Isik"]
[Result "0-1"]
[WhiteElo "2210"]
[BlackElo "2445"]
[PlyCount "50"]
[EventDate "2022.07.14"]
[EventType "swiss"]
[EventRounds "9"]
[EventCountry "FRA"]
[SourceVersionDate "2022.07.14"]

1. e4 c5 2. Nf3 d6 3. Bb5+ Nd7 4. O-O a6 5. Bd3 Ngf6 6. c3 b5 7. Bc2 c4 8. a4
Bb7 9. axb5 axb5 10. Rxa8 Qxa8 11. Na3 Bxe4 12. Bxe4 Nxe4 13. Nxb5 Qb7 14. d3
cxd3 15. c4 e6 16. Qxd3 Be7 17. Bf4 Ndc5 18. Qe2 O-O 19. Re1 d5 20. cxd5 exd5
21. Nfd4 Ne6 22. Be3 Re8 23. f3 Nd6 24. Nxd6 Bxd6 25. Qd2 Bb4 0-1

[Event "Vaujany 2022 Principal"]
[Site "Vaujany"]
[Date "2022.07.15"]
[Round "2.9"]
[White "Horvath, Jozsef"]
[Black "Frederic, Clement"]
[Result "1/2-1/2"]
[WhiteElo "2433"]
[BlackElo "2203"]
[PlyCount "70"]
[EventDate "2022.07.14"]
[EventType "swiss"]
[EventRounds "9"]
[EventCountry "FRA"]
[SourceVersionDate "2022.07.14"]

1. e4 e6 2. d4 d5 3. exd5 exd5 4. Nf3 Bd6 5. c4 Nf6 6. Nc3 O-O 7. cxd5 Nbd7 8.
Bg5 Nb6 9. Qb3 a5 10. a3 a4 11. Qc2 Ra5 12. Bd3 Re8+ 13. Kf1 h6 14. Bxf6 Qxf6
15. Be4 Bd7 16. h3 Bb5+ 17. Nxb5 Rxb5 18. Re1 Kf8 19. Re2 Ra8 20. g3 g6 21. Kg2
Nxd5 22. Rhe1 c6 23. h4 Rba5 24. Ne5 Bxe5 25. dxe5 Qxe5 26. Bf3 Qf6 27. Qd2 Kg7
28. Re5 Rb5 29. R1e4 Rd8 30. Be2 Nc7 31. Qc3 Rxe5 32. Rxe5 Rd5 33. Re7 Qxc3 34.
bxc3 Rd2 35. Rxc7 Rxe2 1/2-1/2

[Event "Vaujany 2022 Principal"]
[Site "?"]
[Date "2022.07.15"]
[Round "2.10"]
[White "Bandet, Rraphael"]
[Black "Philippe, Guillaume"]
[Result "1/2-1/2"]
[WhiteElo "2173"]
[BlackElo "2413"]
[PlyCount "77"]
[SourceVersionDate "2022.07.14"]

1. e4 c5 2. Nc3 e6 3. Nge2 a6 4. g3 b5 5. Bg2 Bb7 6. O-O Nc6 7. Re1 d6 8. d4
cxd4 9. Nxd4 Nxd4 10. Qxd4 Ne7 11. Bg5 Nc6 12. Qd2 Be7 13. Bxe7 Nxe7 14. Red1
Nc8 15. a4 bxa4 16. Nxa4 O-O 17. b3 Qc7 18. Nb2 f5 19. Nc4 fxe4 20. Nxd6 Nxd6
21. Qxd6 Qxc2 22. Qxe6+ Kh8 23. Qb6 Rab8 24. Rac1 Qb2 25. Rc7 Ba8 26. Qa7 Rxb3
27. Qc5 Rbb8 28. Rdd7 Qa1+ 29. Bf1 Rg8 30. h4 Rb1 31. Qc4 h6 32. Re7 a5 33. Qa6
Rgb8 34. Rxg7 Rxf1+ 35. Qxf1 Rb7 36. Rh7+ Kg8 37. Rhg7+ Kh8 38. Rh7+ Kg8 39.
Rhg7+ 1/2-1/2

[Event "Vaujany 2022 Principal"]
[Site "Vaujany"]
[Date "2022.07.15"]
[Round "2.11"]
[White "Flear, Glenn C"]
[Black "Bourgois, B.."]
[Result "1-0"]
[WhiteElo "2409"]
[BlackElo "2170"]
[Annotator "Flear,Glenn"]
[PlyCount "85"]
[EventDate "2022.07.14"]
[EventType "swiss"]
[EventRounds "9"]
[EventCountry "FRA"]
[SourceVersionDate "2022.07.14"]

{[%evp 0,85,26,37,25,-8,39,12,31,36,47,33,24,17,50,46,28,3,-1,11,9,-3,7,8,-8,
-8,46,48,31,11,60,49,57,90,90,90,89,93,119,109,109,96,136,138,138,121,122,131,
124,99,116,129,141,140,150,152,155,150,189,223,222,229,225,226,237,272,270,231,
240,221,242,218,222,240,240,258,252,231,252,231,231,238,241,405,487,504,511,
529]} 1. d4 d5 2. c4 c6 3. Nc3 Nf6 4. e3 Bf5 5. cxd5 cxd5 6. Qb3 Nc6 7. Qxb7
Bd7 8. Qb3 Rb8 9. Qd1 e5 10. dxe5 Nxe5 11. Be2 Qc7 12. Nf3 Nxf3+ 13. Bxf3 Bd6
14. h3 Be5 (14... O-O $44) 15. O-O O-O 16. Nxd5 Nxd5 17. Bxd5 Bxb2 18. Bxb2
Rxb2 19. Qd4 Rc2 20. Rab1 Bc6 21. Bb3 Rd8 (21... Qg3 22. Bxf7+ $1 Rxf7 (22...
Kh8 23. fxg3 Rxg2+ 24. Kh1 Rd2+ 25. Bd5) 23. Qd8+ Rf8 24. Qxf8+ Kxf8 25. fxg3+
Ke7 26. Rf2 $18) 22. Qxd8+ Qxd8 23. Bxc2 g6 24. Rfd1 Qg5 25. e4 Qe5 26. Re1 Kg7
27. Rbd1 Kh6 28. Bb3 Bxe4 29. Bd5 Qxd5 30. Rxd5 Bxd5 31. a3 Kg7 32. Re5 Bc4 33.
f4 h5 34. h4 Kf6 35. Kf2 a6 36. Ke3 Bf1 37. g3 Bc4 38. Kd4 Bf1 39. Kc5 Bd3 40.
Kb6 Bc4 41. a4 Bd3 42. Ra5 Ke6 43. Rxa6 1-0

[Event "Vaujany 2022 Principal"]
[Site "?"]
[Date "2022.07.15"]
[Round "2.13"]
[White "Barua, Dibyendu"]
[Black "Fodor, Balazs"]
[Result "1-0"]
[WhiteElo "2393"]
[BlackElo "2166"]
[PlyCount "103"]
[SourceVersionDate "2022.07.14"]

1. e4 c5 2. Nf3 d6 3. b3 Nf6 4. d3 g6 5. Bb2 Bg7 6. Be2 O-O 7. O-O Nc6 8. Nbd2
e5 9. Nc4 Re8 10. a4 b6 11. Re1 Bb7 12. Bf1 a6 13. Qd2 Qc7 14. Ne3 b5 15. c4
Nd4 16. Nxd4 exd4 17. Nd1 bxc4 18. bxc4 Bc6 19. g3 Rab8 20. a5 Rb3 21. h3 Reb8
22. Ra2 Nd7 23. f4 Qb7 24. Re2 f5 25. exf5 gxf5 26. Ra3 Rxa3 27. Bxa3 Qb3 28.
Bc1 Nf6 29. Nf2 Qb7 30. Qe1 Kf7 31. Rb2 Qc7 32. Rxb8 Qxb8 33. g4 fxg4 34. hxg4
h6 35. g5 hxg5 36. fxg5 Nd7 37. Bg2 Bxg2 38. Kxg2 Qb7+ 39. Ne4 Ne5 40. Qe2 Kg8
41. Bf4 Qb1 42. Nf2 Qb7+ 43. Kg3 Qb1 44. Bxe5 Bxe5+ 45. Kh4 Qg1 46. Qf3 Kg7 47.
Ng4 Qe1+ 48. Kh5 Qg3 49. Qb7+ Kf8 50. Qxa6 Ke7 51. Nh6 Qf2 52. Kg6 1-0

[Event "Vaujany 2022 Principal"]
[Site "Vaujany"]
[Date "2022.07.15"]
[Round "2.14"]
[White "Bruneau, Laurent"]
[Black "Guilleux, Fabien"]
[Result "0-1"]
[WhiteElo "2167"]
[BlackElo "2392"]
[PlyCount "66"]
[EventDate "2022.07.14"]
[EventType "swiss"]
[EventRounds "9"]
[EventCountry "FRA"]
[SourceVersionDate "2022.07.14"]

1. b3 Nf6 2. Bb2 g6 3. Nf3 Bg7 4. e3 O-O 5. d4 c5 6. Be2 cxd4 7. Nxd4 d5 8. O-O
Re8 9. c4 e5 10. Nf3 Nc6 11. cxd5 Nxd5 12. Bc4 Be6 13. e4 Nf4 14. Bxe6 Rxe6 15.
g3 Rd6 16. Nbd2 Nh3+ 17. Kg2 Qd7 18. Re1 Bh6 19. Bxe5 Rxd2 20. Nxd2 Nxe5 21. f4
Nd3 22. Re3 Rd8 23. Qf3 Ndxf4+ 24. gxf4 Nxf4+ 25. Kh1 Qxd2 26. Rf1 Qxa2 27. Rc3
Qa5 28. Rc2 Qe5 29. Re1 Ne6 30. Rg2 Bf4 31. Qh3 Ng5 32. Qh4 Rd4 33. Rf1 Rxe4
0-1

[Event "Vaujany 2022 Principal"]
[Site "Vaujany"]
[Date "2022.07.15"]
[Round "2.15"]
[White "Di Nicolantonio, Lucas"]
[Black "Pourquet, Matthieu"]
[Result "1/2-1/2"]
[WhiteElo "2369"]
[BlackElo "2163"]
[PlyCount "40"]
[EventDate "2022.07.14"]
[EventType "swiss"]
[EventRounds "9"]
[EventCountry "FRA"]
[SourceVersionDate "2022.07.14"]

{[%evp 0,40,21,12,71,72,82,78,74,78,73,63,75,36,52,60,57,21,18,18,21,9,21,15,
36,17,47,23,66,25,27,21,45,37,38,0,8,0,-11,-11,34,-4,0]} 1. Nf3 g6 2. e4 d6 3.
d4 Nf6 4. Nc3 Bg7 5. Be3 O-O 6. Qd2 e5 7. dxe5 dxe5 8. Qxd8 Rxd8 9. Bc4 Nc6 10.
h3 h6 11. O-O a6 12. a4 Bd7 13. Rfd1 Be8 14. Nd5 Nxd5 15. Bxd5 Rab8 16. c3 a5
17. b3 b6 18. Rab1 Ne7 19. Bc4 Nc6 20. Bd5 Ne7 1/2-1/2

[Event "Vaujany 2022 Principal"]
[Site "?"]
[Date "2022.07.15"]
[Round "2.17"]
[White "Ernst, Luca"]
[Black "Joie, Sebastien"]
[Result "0-1"]
[WhiteElo "1879"]
[BlackElo "2364"]
[PlyCount "158"]
[SourceVersionDate "2022.07.14"]

{[%evp 0,120,34,34,77,74,56,38,40,32,41,35,28,15,31,31,37,19,25,14,30,37,40,42,
51,24,66,6,16,-25,6,6,56,28,38,13,12,13,33,26,27,0,49,52,66,60,60,51,51,51,32,
28,48,25,50,21,21,-2,0,0,-14,-13,-13,-4,0,-41,2,-38,5,-21,-17,-56,-26,-88,-11,
-8,-1,-19,0,-77,-58,-58,-40,-55,-58,-91,-91,-83,-90,-137,-149,-163,-155,-145,
-140,-140,-106,-153,-145,-153,-146,-157,-133,-157,-141,-159,-125,-159,-160,
-157,-157,-168,-136,-126,-138,-156,-140,-213,-217,-212,-178,-264,-243]} 1. e4
c6 2. d4 d5 3. Nc3 dxe4 4. Nxe4 Nf6 5. Nxf6+ exf6 6. c3 Bd6 7. Bd3 O-O 8. Qc2
Re8+ 9. Ne2 h5 10. O-O h4 11. h3 Na6 12. Be3 Bb8 13. Rfe1 g5 14. Bf5 Bd6 15. a3
Qa5 16. Bxc8 Raxc8 17. b4 Qd8 18. c4 Bb8 19. Qf5 Qd6 20. g3 hxg3 21. Nxg3 Qe6
22. Bd2 Qxf5 23. Nxf5 Rcd8 24. Kf1 Re6 25. Bc3 Kh7 26. Rad1 Nc7 27. Re3 Rd7 28.
d5 cxd5 29. Red3 Kg6 30. Ne3 Re4 31. cxd5 a6 32. f3 Rh4 33. Ng4 Ne8 34. Re1 Rd8
35. Rde3 Nc7 36. Nxf6 Rxh3 37. Kg2 Rh4 38. Be5 Rc4 39. Re4 Rc2+ 40. Kg3 Nb5 41.
Bxb8 Kxf6 42. Be5+ Kg6 43. a4 Na3 44. Rd1 f5 45. Ree1 f4+ 46. Bxf4 gxf4+ 47.
Kxf4 Rf8+ 48. Kg4 Rg2+ 49. Kh3 Rg5 50. Re6+ Kg7 51. Re7+ Kf6 52. Re6+ Kg7 53.
Re7+ Kg6 54. Re6+ Kf5 55. Rh6 Rf6 56. Rxf6+ Kxf6 57. d6 Rg8 58. Rd3 Nc4 59. Rd4
Ne5 60. Re4 Rd8 61. f4 Nf7 62. b5 Nxd6 63. Re5 axb5 64. axb5 Ra8 65. Rd5 Ke6
66. Re5+ Kd7 67. f5 Ra5 68. f6 Rxb5 69. Re7+ Kc6 70. Kg4 Rf5 71. Re6 Rf1 72.
Kg5 b5 73. Kg6 b4 74. Re3 Rg1+ 75. Kh7 Kd5 76. Rf3 Ke6 77. Rf4 b3 78. f7 Nxf7
79. Rb4 Rb1 0-1

[Event "Vaujany 2022 Principal"]
[Site "Vaujany"]
[Date "2022.07.15"]
[Round "2.19"]
[White "Garde, Guillaume"]
[Black "Migot, Tangi"]
[Result "0-1"]
[WhiteElo "1858"]
[BlackElo "2353"]
[PlyCount "54"]
[EventDate "2022.07.14"]
[EventType "swiss"]
[EventRounds "9"]
[EventCountry "FRA"]
[SourceVersionDate "2022.07.14"]

{[%evp 0,54,16,28,82,82,79,57,51,41,36,26,44,28,19,30,31,31,28,18,7,-13,-60,
-120,-117,-179,-162,-186,-148,-166,-169,-169,-182,-223,-229,-202,-177,-314,
-314,-314,-314,-314,-314,-314,-169,-430,-422,-464,-464,-589,-569,-569,-569,
-567,-524,-605,-605]} 1. e4 Nf6 2. e5 Nd5 3. d4 d6 4. c4 Nb6 5. exd6 cxd6 6. d5
g6 7. Qd4 e5 8. dxe6 f6 9. Nc3 Nc6 10. Qd2 Bxe6 11. b3 d5 12. cxd5 Nxd5 13.
Nxd5 Bxd5 14. Bb2 Bb4 15. Bc3 Qe7+ 16. Ne2 O-O-O 17. Qe3 Rhe8 18. Qxe7 Bxc3+
19. Nxc3 Rxe7+ 20. Be2 Bxg2 21. Rg1 Bf3 22. Rc1 Rde8 23. Rc2 Nd4 24. Rc1 Nxe2
25. Nxe2+ Kb8 26. Rg3 Bxe2 27. Rgc3 Bb5+ 0-1

[Event "Vaujany 2022 Principal"]
[Site "?"]
[Date "2022.07.15"]
[Round "2.23"]
[White "Bokorovics, Bertalan"]
[Black "Dreyfus, Jacques"]
[Result "0-1"]
[WhiteElo "2263"]
[BlackElo "1997"]
[PlyCount "60"]
[SourceVersionDate "2022.07.14"]

{[%evp 0,60,28,10,10,5,5,5,24,5,15,25,-2,6,12,16,4,-1,0,5,7,4,-38,-17,-32,-35,
-12,-3,10,8,-26,-20,-19,-14,-12,-13,-25,-20,15,-59,34,-35,-46,-49,-63,-217,
-217,-214,-181,-297,-295,-295,-343,-401,-449,-340,-340,-343,-452,-1065,-1161,
-1279,-1305]} 1. e4 e5 2. Nf3 Nc6 3. d4 exd4 4. Nxd4 Nf6 5. Nxc6 bxc6 6. e5 Qe7
7. Qe2 Nd5 8. c4 Ba6 9. Nd2 O-O-O 10. b3 f6 11. Qe4 Nb4 12. Bb2 Bb7 13. exf6
gxf6 14. Qxe7 Bxe7 15. Kd1 c5 16. a3 Nc6 17. Nf3 Rhg8 18. Kc2 d6 19. Rg1 Ne5
20. Nxe5 fxe5 21. f3 Rdf8 22. Kd3 Bxf3 23. Re1 Bh5 24. g3 Rf3+ 25. Re3 Rf2 26.
Bh3+ Kd8 27. Rg2 Rgf8 28. Bc1 Bg5 29. Re1 Bg6+ 30. Kc3 R8f3+ 0-1

[Event "Vaujany 2022 Principal"]
[Site "Vaujany"]
[Date "2022.07.15"]
[Round "2.30"]
[White "Bremond, Eric"]
[Black "Vu Dinh, Adrien"]
[Result "1-0"]
[WhiteElo "2202"]
[BlackElo "1990"]
[PlyCount "51"]
[EventDate "2022.07.14"]
[EventType "swiss"]
[EventRounds "9"]
[EventCountry "FRA"]
[SourceVersionDate "2022.07.14"]

1. e4 e5 2. Nf3 Nc6 3. Bb5 a6 4. Bxc6 dxc6 5. O-O Bg4 6. h3 h5 7. d3 Qf6 8.
Nbd2 Ne7 9. Nc4 Ng6 10. hxg4 hxg4 11. Bg5 Qe6 12. Nh2 Rxh2 13. Kxh2 f6 14. Bd2
Bc5 15. b4 Ba7 16. Be3 b5 17. Bxa7 bxc4 18. Be3 Kf7 19. Rh1 Nf4 20. Bxf4 exf4
21. Kg1 Qe5 22. Rb1 f3 23. gxf3 g3 24. d4 Qg5 25. Qc1 Qg6 26. Qf4 1-0

[Event "Vaujany 2022 Principal"]
[Site "?"]
[Date "2022.07.15"]
[Round "2.33"]
[White "Maccagnan, Tomas"]
[Black "Bat, Bilguun"]
[Result "1/2-1/2"]
[WhiteElo "1985"]
[BlackElo "2162"]
[PlyCount "119"]
[SourceVersionDate "2022.07.14"]

{[%evp 0,54,27,10,44,40,80,66,60,40,40,37,49,15,15,6,21,20,2,4,4,12,19,27,45,
-14,-10,18,18,27,53,-5,85,70,70,47,70,81,90,62,86,69,65,59,61,79,107,67,59,52,
79,76,245,247,247,247,253]} 1. e4 c5 2. Nf3 d6 3. d4 cxd4 4. Nxd4 Nf6 5. Nc3 a6
6. g3 e5 7. Nde2 Be7 8. Bg2 Be6 9. O-O Nbd7 10. h3 h5 11. a4 Rc8 12. a5 h4 13.
g4 O-O 14. Be3 Qc7 15. Nc1 b5 16. axb6 Nxb6 17. Rxa6 Nfd7 18. Nd5 Bxd5 19. exd5
Nc5 20. Bxc5 Qxc5 21. Nb3 Qb5 22. Qd3 Qb4 23. Ra7 Bg5 24. Rfa1 Ra8 25. Rxa8
Rxa8 26. Rxa8+ Nxa8 27. Qf5 Bf4 28. Qc8+ Kh7 29. Qf5+ Kg8 30. Qc8+ Kh7 31. Qxa8
Qe1+ 32. Bf1 Be3 33. fxe3 Qxe3+ 34. Kg2 Qe4+ 35. Kf2 Qxc2+ 36. Ke3 Qxb3+ 37.
Bd3+ g6 38. Qc6 Qb4 39. Qc4 Qxb2 40. g5 Kg8 41. Qxh4 Qc1+ 42. Ke2 Qb2+ 43. Kf3
Qd2 44. Qe4 Qxg5 45. h4 Qc1 46. Qg4 Qd1+ 47. Be2 Qxd5+ 48. Kg3 Qh1 49. h5 Qg1+
50. Kf3 Qxg4+ 51. Kxg4 Kg7 52. hxg6 Kxg6 53. Bd3+ Kf6 54. Bc4 Kg6 55. Bd3+ f5+
56. Bxf5+ Kf6 57. Bc2 Ke6 58. Kf3 Kd5 59. Ke3 Kc4 60. Ke4 1/2-1/2

[Event "Vaujany 2022 Principal"]
[Site "Vaujany"]
[Date "2022.07.15"]
[Round "2.47"]
[White "Page, Noah"]
[Black "Kaloczi, Kristof"]
[Result "0-1"]
[WhiteElo "1806"]
[BlackElo "2022"]
[PlyCount "84"]
[EventDate "2022.07.14"]
[EventType "swiss"]
[EventRounds "9"]
[EventCountry "FRA"]
[SourceVersionDate "2022.07.14"]

1. e4 e6 2. d4 d5 3. Nd2 Nc6 4. c3 e5 5. exd5 Qxd5 6. Ngf3 exd4 7. Bc4 Qf5 8.
O-O Be6 9. Bxe6 fxe6 10. Nxd4 Nxd4 11. cxd4 O-O-O 12. Qa4 Kb8 13. Nf3 Nf6 14.
Re1 Bd6 15. Ne5 Nd5 16. Be3 Nb6 17. Qb3 Bxe5 18. dxe5 Rd3 19. Qb4 Nd5 20. Qb5
Nxe3 21. Rxe3 Rxe3 22. fxe3 Rf8 23. Rf1 Qxf1+ 24. Qxf1 Rxf1+ 25. Kxf1 c5 26.
Ke2 Kc7 27. Kd3 Kc6 28. e4 Kb5 29. Kc3 c4 30. b3 cxb3 31. Kxb3 Kc5 32. Kc3 b5
33. a3 a5 34. Kd3 g5 35. Kc3 h5 36. Kd3 b4 37. axb4+ Kxb4 38. h4 gxh4 39. Ke3
a4 40. Kf4 a3 41. Kg5 a2 42. Kxh5 a1=Q 0-1

[Event "Vaujany 2022 Principal"]
[Site "?"]
[Date "2022.07.16"]
[Round "3.1"]
[White "Degraeve, Remy"]
[Black "Bauer, Christian"]
[Result "1-0"]
[WhiteElo "2403"]
[BlackElo "2609"]
[PlyCount "103"]
[SourceVersionDate "2022.07.14"]

{[%evp 0,92,19,31,68,48,60,57,63,39,48,47,99,74,99,83,56,38,38,40,16,12,36,23,
3,17,21,-18,-3,-19,-50,-66,-64,-27,-16,-11,-11,-6,3,-2,34,11,21,0,37,57,83,82,
75,87,106,129,121,132,157,158,162,136,133,155,143,157,177,213,220,184,181,191,
191,200,192,184,289,227,247,166,327,235,223,180,273,121,185,187,202,222,220,
225,217,225,225,213,209,203,216]} 1. e4 c6 2. d4 d5 3. e5 Bf5 4. h4 h6 5. g4
Bd7 6. Nc3 Qc8 7. Be2 e6 8. Be3 c5 9. dxc5 Bxc5 10. Qd2 Ne7 11. h5 Bxe3 12.
Qxe3 Nbc6 13. Nb5 O-O 14. O-O-O f6 15. exf6 Rxf6 16. f4 a6 17. Nd4 Nxd4 18.
Qxd4 Qc7 19. Nh3 Bb5 20. Rd2 Nc6 21. Qe3 d4 22. Qe4 Qa5 23. a3 Bxe2 24. Rxe2
Qd5 25. Qxd5 exd5 26. f5 d3 27. cxd3 Nd4 28. Re7 Rc8+ 29. Kb1 Rf7 30. Rhe1 Kf8
31. Nf4 Rxe7 32. Ng6+ Kf7 33. Rxe7+ Kf6 34. Rxb7 a5 35. Rd7 Nf3 36. a4 d4 37.
Ra7 Rc5 38. Nf4 Re5 39. Ne6 Re3 40. Rb7 Nd2+ 41. Kc2 Nf3 42. Nc5 Ne1+ 43. Kd2
Nf3+ 44. Kd1 Ne1 45. Ne4+ Ke5 46. Nd2 Kf4 47. Rxg7 Nxd3 48. f6 Re8 49. Nc4 Nf2+
50. Kc1 Nxg4 51. f7 Rf8 52. Rg8 1-0

[Event "Vaujany 2022 Principal"]
[Site "?"]
[Date "2022.07.16"]
[Round "3.2"]
[White "Hamdouchi, Hicham"]
[Black "Barua, Dibyendu"]
[Result "1/2-1/2"]
[WhiteElo "2536"]
[BlackElo "2393"]
[PlyCount "80"]
[SourceVersionDate "2022.07.14"]

1. e4 e6 2. d4 d5 3. Nc3 Nf6 4. Bg5 dxe4 5. Nxe4 Nbd7 6. Nf3 h6 7. Nxf6+ Nxf6
8. Be3 Nd5 9. Bd2 c5 10. c4 Nf6 11. dxc5 Ne4 12. Be3 Qa5+ 13. Nd2 Bxc5 14. Bxc5
Nxc5 15. Rb1 Na4 16. Be2 Bd7 17. O-O Rd8 18. Bf3 O-O 19. Qc2 Qc7 20. b4 Nb6 21.
b5 Bc8 22. Rfc1 Nd7 23. c5 Qxc5 24. Qxc5 Nxc5 25. Rxc5 Rxd2 26. Rbc1 Bd7 27. a4
Ra2 28. Rc7 Be8 29. Bd1 a6 30. Rxb7 axb5 31. axb5 Rb2 32. Ba4 Rb4 33. Ra1 f6
34. h3 Bg6 35. Bd1 Be4 36. Rb6 Bd3 37. Rxe6 Rxb5 38. Re7 Rb1 39. Rxb1 Bxb1 40.
Bb3+ Kh7 1/2-1/2

[Event "Vaujany 2022 Principal"]
[Site "Vaujany"]
[Date "2022.07.16"]
[Round "3.3"]
[White "Guilleux, Fabien"]
[Black "Sengupta, Deep"]
[Result "0-1"]
[WhiteElo "2392"]
[BlackElo "2534"]
[PlyCount "148"]
[EventDate "2022.07.14"]
[EventType "swiss"]
[EventRounds "9"]
[EventCountry "FRA"]
[SourceVersionDate "2022.07.14"]

1. Nf3 c5 2. e3 Nc6 3. d4 cxd4 4. exd4 g6 5. d5 Nb8 6. c4 Bg7 7. Nc3 d6 8. Be3
Nf6 9. h3 O-O 10. Nd4 Nbd7 11. Be2 Nc5 12. Qc2 a5 13. O-O Bd7 14. b3 Qb6 15.
Rab1 Rfc8 16. Rfe1 Qd8 17. Bf1 Qf8 18. Rbd1 Ne8 19. Bg5 Bf6 20. Qd2 Bxg5 21.
Qxg5 Nf6 22. Re3 h6 23. Qf4 Kh7 24. Rde1 Ng8 25. Rf3 f5 26. Rfe3 Qg7 27. Ndb5
Rf8 28. h4 Rac8 29. Bd3 Rf7 30. Bc2 Nf6 31. Qd4 Kg8 32. Qd2 f4 33. Rf3 Nh5 34.
Ne4 Bg4 35. Rc3 Nxe4 36. Bxe4 g5 37. hxg5 Qxg5 38. Nd4 Rg7 39. Ne6 Bxe6 40.
dxe6 Rc5 41. Rh3 b6 42. Bf3 Nf6 43. Qd4 Rg6 44. a3 Ng4 45. Kf1 Ne5 46. Rh5 Qf6
47. Bd5 f3 48. g3 Nxc4 49. Qxf6 Nd2+ 50. Kg1 Rxf6 51. b4 axb4 52. axb4 Rb5 53.
Rd1 Ne4 54. Rd4 Nc3 55. Kf1 Kg7 56. g4 Rxd5 57. Rhxd5 Nxd5 58. Rxd5 Rxe6 59.
Rb5 Rg6 60. Rxb6 Rxg4 61. Rb7 Kf7 62. Rb8 h5 63. Rb5 e5 64. Rb7+ Ke6 65. b5 h4
66. b6 Rb4 67. Kg1 Rb1+ 68. Kh2 Rb2 69. Kg1 e4 70. Rb8 Kd5 71. b7 h3 72. Kh2
Rxf2+ 73. Kxh3 Rb2 74. Kg3 Kd4 0-1

[Event "Vaujany 2022 Principal"]
[Site "?"]
[Date "2022.07.16"]
[Round "3.4"]
[White "Lamaze, Simon"]
[Black "Bailet, Pierre"]
[Result "0-1"]
[WhiteElo "2366"]
[BlackElo "2512"]
[PlyCount "112"]
[SourceVersionDate "2022.07.14"]

1. d4 d5 2. c4 e6 3. Nf3 a6 4. Bg5 Nf6 5. e3 Be7 6. Nc3 O-O 7. cxd5 exd5 8. Bd3
Be6 9. O-O Nbd7 10. a3 h6 11. Bh4 c6 12. Qc2 Nh5 13. Bxe7 Qxe7 14. Ne2 Bg4 15.
Nd2 Bxe2 16. Bxe2 Nf4 17. Nf3 Nxe2+ 18. Qxe2 Rae8 19. Rab1 Nf6 20. Ne5 Ne4 21.
Rbd1 Qe6 22. Qg4 Qxg4 23. Nxg4 f6 24. h4 Nd6 25. Rfe1 Re4 26. f3 Re6 27. Kf2
Rfe8 28. Rd3 Nc4 29. b4 h5 30. Nh2 a5 31. Nf1 Ra8 32. Ng3 axb4 33. axb4 g6 34.
e4 Ra4 35. Rb3 Nd6 36. Re2 Kf7 37. exd5 cxd5 38. Rxe6 Kxe6 39. Ne2 Ra2 40. Ke1
Nf5 41. Nf4+ Kd6 42. Nxg6 Nxd4 43. Rd3 Nc2+ 44. Kf1 d4 45. Rd2 Ne3+ 46. Ke2
Rxd2+ 47. Kxd2 Nxg2 48. Kd3 Ke6 49. f4 Kf5 50. Ne7+ Kxf4 51. Kxd4 Nxh4 52. Nd5+
Kg5 53. Nc3 Nf5+ 54. Kc5 h4 55. Kb6 h3 56. Kxb7 Nd6+ 0-1

[Event "Vaujany 2022 Principal"]
[Site "Vaujany"]
[Date "2022.07.16"]
[Round "3.5"]
[White "Joie, Sebastien"]
[Black "Das, Sayantan"]
[Result "1/2-1/2"]
[WhiteElo "2364"]
[BlackElo "2449"]
[PlyCount "68"]
[EventDate "2022.07.14"]
[EventType "swiss"]
[EventRounds "9"]
[EventCountry "FRA"]
[SourceVersionDate "2022.07.14"]

1. d4 Nf6 2. c4 g6 3. g3 Bg7 4. Bg2 O-O 5. Nc3 d6 6. Nf3 c5 7. dxc5 dxc5 8.
Qxd8 Rxd8 9. Ne5 Nfd7 10. Nd3 Nc6 11. O-O Nd4 12. Rd1 Ne5 13. Nxe5 Bxe5 14. Bg5
f6 15. Bf4 Bxf4 16. gxf4 Bg4 17. Kf1 Rab8 18. Rd2 h6 19. Rad1 g5 20. fxg5 hxg5
21. h3 Bh5 22. Ne4 b6 23. Ng3 Bf7 24. b3 Kf8 25. e3 Ne6 26. Ne4 Rxd2 27. Rxd2
Rd8 28. Rxd8+ Nxd8 29. Nc3 Be8 30. Ke2 Kg7 31. f4 Kh6 32. Kf2 Bc6 33. Bxc6 Nxc6
34. Kg3 Kg6 1/2-1/2

[Event "Vaujany 2022 Principal"]
[Site "?"]
[Date "2022.07.16"]
[Round "3.6"]
[White "Can, Isik"]
[Black "Bournel, Antoine"]
[Result "1-0"]
[WhiteElo "2445"]
[BlackElo "2324"]
[PlyCount "29"]
[SourceVersionDate "2022.07.14"]

{[%evp 0,29,28,28,28,10,9,15,12,4,8,-49,-47,-45,-48,-39,-38,-43,14,-12,-5,-1,6,
-10,-5,-35,-5,22,-6,2,2,-11]} 1. e4 e5 2. Nc3 Nf6 3. Bc4 Bc5 4. d3 d6 5. f4 Nc6
6. Nf3 a6 7. f5 h6 8. a4 Nd4 9. Nxd4 Bxd4 10. Qf3 c6 11. g4 d5 12. Bb3 dxe4 13.
dxe4 Nd7 14. h4 Nc5 15. Ba2 {...} 1-0

[Event "Vaujany 2022 Principal"]
[Site "Vaujany"]
[Date "2022.07.16"]
[Round "3.7"]
[White "Migot, T.."]
[Black "Flear, G.."]
[Result "1/2-1/2"]
[WhiteElo "2353"]
[BlackElo "2409"]
[PlyCount "90"]
[EventDate "2022.07.14"]
[EventType "swiss"]
[EventRounds "9"]
[EventCountry "FRA"]
[SourceVersionDate "2022.07.14"]

1. Nf3 d5 2. g3 Bg4 3. Bg2 Nd7 4. c4 e6 5. cxd5 exd5 6. O-O Ngf6 7. d3 c6 8. h3
Bxf3 9. Bxf3 Bc5 10. Nc3 O-O 11. Bg2 Re8 12. e4 dxe4 13. dxe4 Ne5 14. Qxd8
Raxd8 15. Kh2 Nd3 16. f4 Bd4 17. e5 Bxc3 18. bxc3 Nxc1 19. Raxc1 Nd7 20. Rfd1
Nc5 21. Kg1 f6 22. exf6 gxf6 23. Rd4 Rd7 24. Rxd7 Nxd7 25. Rd1 Nc5 26. Kf2 Kf8
27. Rd4 Ke7 28. Be4 Nxe4+ 29. Rxe4+ Kd7 30. Rxe8 Kxe8 31. Ke3 Ke7 32. Kd4 Kd6
33. g4 b5 34. h4 c5+ 35. Ke4 a5 36. g5 fxg5 37. fxg5 b4 38. cxb4 cxb4 39. h5
Ke6 40. Kd4 a4 41. Kc4 b3 42. axb3 axb3 43. Kxb3 Kf5 44. g6 hxg6 45. hxg6 Kxg6
1/2-1/2

[Event "Vaujany 2022 Principal"]
[Site "Vaujany"]
[Date "2022.07.16"]
[Round "3.8"]
[White "Degraeve, Jean Marc"]
[Black "Adrian, Claude"]
[Result "0-1"]
[WhiteElo "2519"]
[BlackElo "2174"]
[PlyCount "98"]
[EventDate "2022.07.14"]
[EventType "swiss"]
[EventRounds "9"]
[EventCountry "FRA"]
[SourceVersionDate "2022.07.14"]

1. e4 e6 2. d4 d5 3. e5 c5 4. c3 Qb6 5. Nf3 Bd7 6. Bd3 cxd4 7. Nxd4 Nc6 8. Nxc6
bxc6 9. O-O f5 10. c4 Ne7 11. Nc3 Ng6 12. Qe2 Be7 13. Bd2 O-O 14. Kh1 d4 15.
Na4 Qc7 16. f4 c5 17. b3 Bc6 18. h3 Qd7 19. Kh2 Bxa4 20. bxa4 Qxa4 21. g4 Rab8
22. gxf5 exf5 23. Bc1 Rb6 24. Rb1 Nh4 25. Rxb6 axb6 26. Rf2 Qc6 27. Qd1 Kh8 28.
Qh1 Qxh1+ 29. Kxh1 Ra8 30. Kh2 Kg8 31. Kg3 Kf7 32. Rc2 Ke6 33. Kf2 h6 34. Rb2
Ra6 35. Re2 g5 36. Rb2 Ng6 37. Kf3 gxf4 38. Bxf4 Bg5 39. Bh2 Bc1 40. Rb1 Be3
41. Bg3 Nxe5+ 42. Bxe5 Kxe5 43. Be2 Bg5 44. Bd3 Ra3 45. Rb3 Rxa2 46. Rxb6 Bh4
47. Be2 Ra3+ 48. Kg2 d3 49. Bd1 Ra1 0-1